000 00683cam a2200205 4500
008 090513t19991999sp gr spa
020 _a8476985649
035 _aa481137
050 0 4 _aKKT810
_bR64 1999
100 1 _aRogel Vide, Carlos
245 1 0 _aDerecho de obligaciones y contratos /
_cCarlos Rogel Vide
250 _a2a ed.
260 _aBarcelona, España :
_bJ.M. Bosch,
_c1999
300 _a328 páginas ;
_c21 cm.
440 0 _aManuales universitarios de bolsillo
_pSerie de Derecho
504 _aIncluye índice
506 _aDonado por la dirección de la Facultad
650 7 _aDerecho Civil
_zMéxico
_2lemb
650 7 _aObligaciones
_xContratos
_zMéxico
_2lemb
942 _2lcc
_cLIB
999 _c147492
_d147490